000 00515nam a22001817a 4500
999 _c7494
_d7494
003 GBCCL
005 20241126110629.0
008 180816b ||||| |||| 00| 0 eng d
040 _cgbc
082 _aVER 235.4
_bPAU
100 _aPaukhogin, B
_913240
245 _aDawite kulhpi ah :
_bkum guk sung dawite toh kithuahna thu (1954-1960) /
_cB Paukhogin
260 _cN.D.
_aChurachandpur:
_bB Khamsuansiam,
300 _a146p.;
650 _aSpiritual warfare
_9576
650 _aDevils
_913241
942 _2ddc
_cBK
_013